[Event "Oberliga Ost-B 2324"]
[Site "Germany"]
[Date "2024.02.24"]
[Round "6.7"]
[White "Roeschlau, Bernd"]
[Black "Mahr, Stefan"]
[Result "1-0"]
[WhiteElo "2194"]
[BlackElo "1741"]
[PlyCount "77"]
[EventDate "2023.10.22"]
[EventType "team-tourn"]
[EventRounds "11"]
[EventCountry "GER"]
[SourceTitle "EXT 2025"]
[Source "ChessBase"]
[SourceDate "2024.10.14"]
[SourceVersion "1"]
[SourceVersionDate "2024.10.14"]
[SourceQuality "1"]
[WhiteTeam "Heusenstamm"]
[BlackTeam "Eppstein"]
[WhiteTeamCountry "GER"]
[BlackTeamCountry "GER"]

1. d4 d5 2. c4 c6 3. Nf3 Nf6 4. e3 e6 5. Nc3 Nbd7 6. Bd3 dxc4 7. Bxc4 b5 8. Bd3 a6 9. 0-0 Bb7 10. e4 c5 11. d5 e5 12. Qe2 Bd6 13. b3 0-0 14. Bd2 Qc7 15. Rfc1 Rfc8 16. Nd1 Qd8 17. Ne3 Nf8 18. a4 b4 19. a5 Ng6 20. Nc4 Rc7 21. Nb6 Ra7 22. h3 Nd7 23. Nc4 Nf6 24. Qe3 Bc8 25. Bf1 h6 26. Rd1 Ne8 27. Rac1 Nf6 28. Rc2 Qe7 29. Rdc1 Nd7 30. Nh2 Qf6 31. Ng4 Qe7 32. Qf3 Kh7 33. g3 Kg8 34. Bxh6 gxh6 35. Nxh6+ Kf8 36. Nf5 Qf6 37. Ncxd6 Ne7 38. Nc4 Nxf5 39. exf5 1-0